000 00355nam a22001337a 4500
008 181105b xxu||||| |||| 00| 0 eng d
020 _a002601930
041 _aeng
080 _a030
100 _a23
101 _aENC
245 _aThe Baseball Encyclopedia The Complete Official Records Of Major League Basebeal
_cJoseph.L.R
942 _2udc
_cBK
999 _c51809
_d51809